تسلية المصاب عند فقد الأحباب / (رقم التسجيلة. 5290)

تفاصيل مارك
000 -LEADER
fixed length control field 00572nam a22001937a 4500
005 - DATE AND TIME OF LATEST TRANSACTION
control field 20251108164150.0
008 - FIXED-LENGTH DATA ELEMENTS--GENERAL INFORMATION
fixed length control field 250721s1977 xx 000 0 ara d
082 14 - DEWEY DECIMAL CLASSIFICATION NUMBER
Classification number 218,7/مني
100 1# - MAIN ENTRY--PERSONAL NAME
Personal name المنير، محمد عبد السلام
245 10 - TITLE STATEMENT
Title تسلية المصاب عند فقد الأحباب /
264 1# - PRODUCTION, PUBLICATION, DISTRIBUTION, MANUFACTURE, AND COPYRIGHT NOTICE
Place of production, publication, distribution, manufacture القاهرة :
Name of producer, publisher, distributor, manufacturer مكتبة التراث الإسلامي،
Date of production, publication, distribution, manufacture, or copyright notice 1977.
300 ## - PHYSICAL DESCRIPTION
Extent 184ص
650 17 - SUBJECT ADDED ENTRY--TOPICAL TERM
Topical term or geographic name as entry element الإسلام
650 17 - SUBJECT ADDED ENTRY--TOPICAL TERM
Topical term or geographic name as entry element الشعائر
650 17 - SUBJECT ADDED ENTRY--TOPICAL TERM
Topical term or geographic name as entry element الجنائز
650 17 - SUBJECT ADDED ENTRY--TOPICAL TERM
Topical term or geographic name as entry element التعازي
942 ## - ADDED ENTRY ELEMENTS (KOHA)
Source of classification or shelving scheme Dewey Decimal Classification
Koha item type كتب
المقتنيات
حالة السحب حالة الفقدان مصدر التصنيف حالة التلف غير قابل للإعارة المكتبة الرئيسية المكتبة الحالية موقع الرف تاريخ التزويد Total Checkouts رقم الإستدعاء الباركود تاريخ آخر ظهور تاريخ الفاتورة نوع المادة (كوها) الرقم المتسلسل
    Dewey Decimal Classification     مكتبة النصر العامة مكتبة النصر العامة الإعارة 27/10/2014   218,7/مني PLD00308774 28/07/2025 27/10/2014 كتب  
    Dewey Decimal Classification     مكتبة النصر العامة مكتبة النصر العامة الإعارة 16/11/2014   218,7/مني PLD00310644 28/07/2025 16/11/2014 كتب 3013.
    Dewey Decimal Classification     مكتبة حمزة العامة مكتبة حمزة العامة الإعارة 13/06/2015   218,7/مني PLD00330693 28/07/2025 13/06/2015 كتب [4041]
    Dewey Decimal Classification     مكتبة حمزة العامة مكتبة حمزة العامة الإعارة 13/06/2015   218,7/مني PLD00330695 28/07/2025 13/06/2015 كتب [4239]
Implemented & Customized by: BBB with SCIT (Smart Chains for Information Technology)

Powered by Koha